000 01160cam a2200301 4500
008 010921n2001 000 0 eng u
020 _a0415271894
035 _a(Sirsi) u114743
041 _aeng.
050 _a614.7
100 _aPark, P.
245 _aEnergy law and the environment
260 _bTaylor and Francis
_c2001
300 _avii,266p.
_c25cm.
350 _a25.00
520 _aCovering the law relating to energy and the environment, this text is aimed at those studying environmental management, energy resources and environmental law. Topics covered include: the regulation of the energy sector; the regulatory bodies in the UK; international environmental law issues; European energy law and policy; and issues concerning the oil and gas, coal and nuclear industries.
650 _aENVIRONMENTAL LAW
650 _aSUSTAINABLE ENERGY
650 _aSUSTAINABLE ENVIRONMENT
650 _aLAW
650 _aENERGY RESOURCES
650 _aENVIRONMENTAL MANAGEMENT
650 _aEUROPEAN LAW
650 _aEnvironment
_96238
650 _aREGULATION
690 _aENVIRONMENTAL AND LAND CONSULTANCY-ENERGY
942 _n0
999 _c101655
_d101655